Normal view
MARC view
Entry Topical Term
001 - CONTROL NUMBER
- control field: 850043
003 - CONTROL NUMBER IDENTIFIER
- control field: OSt
005 - DATE AND TIME OF LATEST TRANSACTION
- control field: 20251104110600.0
008 - FIXED-LENGTH DATA ELEMENTS
- fixed length control field: 251104|| aca||aabn | a|a d
040 ## - CATALOGING SOURCE
- Original cataloging agency: OSt
- Transcribing agency: OSt
150 ## - HEADING--TOPICAL TERM
- Topical term or geographic name entry element: ਪੰਜਾਬੀ ਸਾਹਿਤ
670 ## - SOURCE DATA FOUND
- Source citation: Work cat.: (OSt)1464595: ਕੌਰ, ਗਗਨਦੀਪ / Kaur, Gagandeep 847609, ਕੇਵਲ ਧਾਲੀਵਾਲ ਦੇ ਨਾਟ-ਰੂਪਾਂਤਰਾਂ ਦਾ ਨਿਕਟ-ਅਧੀਐਨ / Kewal Dhaliwal de Naat-Rupantran d Nikat- Adhyan, 2024.
